Multiple Choice City Quiz - Bruges 🇧🇪 - Statistics

General Stats
  • This quiz has been taken 4 times
  • The average score is 6 of 10
Answer Stats
Question Answer % Correct
In which year was Bruges added to UNESCO World Heritage List? 1998
100%
Bruges is especially known for which famous Belgian products? Chocolate and beer
100%
Which church in Bruges houses Michelangelo's famous sculpture? Church of Our Lady
67%
What is the main square of Bruges? Grote Markt
67%
Bruges is the capital of which Belgium province? West Flanders
67%
In the Middle Ages, Bruges became wealthy mainly through which trade? Wool and textiles
67%
Bruges was historically connected to which seaport city? Zeebrugge
67%
Approximately how tall is the Belfry in Bruges? 83 meters
33%
Which festival held annually in Bruges features ice sculptures? Ice Magic Festival
0%
What nickname is given to the famous Minnewater Lake in Bruges? Lake of Love
0%
No matching quizzes found
Score Distribution
Percent of People with Each Score
Percentile by Number Answered
Your Score History
You have not taken this quiz